LIBRARY & INFORMATION CENTRE, KCAET, TAVANUR

ONLINE PUBLIC ACCESS CATALOGUE (OPAC)

indian economics (Record no. 11186)

MARC details
000 -LEADER
fixed length control field 00349cam a2200145ua 4500
041 ## - LANGUAGE CODE
Language code of text/sound track or separate title eng
082 ## - DEWEY DECIMAL CLASSIFICATION NUMBER
Classification number 330.954
Item number KEW/IN
100 ## - MAIN ENTRY--AUTHOR NAME
Personal name Kewal krishnan dewett, , Gulu charan singh .
245 ## - TITLE STATEMENT
Title indian economics
260 ## - PUBLICATION, DISTRIBUTION, ETC. (IMPRINT)
Place of publication Delhi :
Name of publisher premier pub co ,
Year of publication 1965.
300 ## - PHYSICAL DESCRIPTION
Number of Pages 730 ; .
Holdings
Withdrawn status Lost status Damaged status Home library Current library Date acquired Full call number Accession Number Koha item type Public note Cost, normal purchase price
Withdrawn     Central Prison Tavanur Malayalam University 07/04/2012 330.954 8762 Books Transferred to Malayalam University  
Withdrawn     KAUAET Sanskrit University 14/11/2023 330.954 KEW/IN 8763 Books Transferred to Sanskrit University 25.00
free website counter